College Baseball Champions - Statistics

General Stats
  • This quiz has been taken 4,544 times
    3,077 since last reset
  • The average score is 44 of 72
Answer Stats
Hint Answer % Correct
1949 Texas
87%
1950 Texas
87%
1975 Texas
87%
1983 Texas
87%
2002 Texas
87%
2005 Texas
87%
2017 Florida
85%
1991 LSU
83%
1993 LSU
83%
1996 LSU
83%
1997 LSU
83%
2000 LSU
83%
2009 LSU
83%
2014 Vanderbilt
79%
2013 UCLA
77%
1948 Southern Cal
74%
1958 Southern Cal
74%
1961 Southern Cal
74%
1963 Southern Cal
74%
1968 Southern Cal
74%
1970 Southern Cal
74%
1971 Southern Cal
74%
1972 Southern Cal
74%
1973 Southern Cal
74%
1974 Southern Cal
74%
1978 Southern Cal
74%
1998 Southern Cal
74%
1947 California
68%
1957 California
68%
1953 Michigan
67%
1962 Michigan
67%
1976 Arizona
66%
1980 Arizona
66%
1986 Arizona
66%
2012 Arizona
66%
1951 Oklahoma
65%
1994 Oklahoma
65%
2010 South Carolina
65%
2011 South Carolina
65%
1990 Georgia
63%
1982 Miami of Florida
59%
1985 Miami of Florida
59%
1999 Miami of Florida
59%
2001 Miami of Florida
59%
2015 Virginia
58%
2006 Oregon State
57%
2007 Oregon State
57%
2018 Oregon State
57%
1987 Stanford
52%
1988 Stanford
52%
2016 Coastal Carolina
49%
1965 Arizona State
47%
1967 Arizona State
47%
1969 Arizona State
47%
1977 Arizona State
47%
1981 Arizona State
47%
1966 Ohio State
42%
1959 Oklahoma State
38%
1956 Minnesota
36%
1960 Minnesota
36%
1964 Minnesota
36%
1954 Missouri
35%
1979 Cal State Fullerton
34%
1984 Cal State Fullerton
34%
1995 Cal State Fullerton
34%
2004 Cal State Fullerton
34%
2003 Rice
30%
1955 Wake Forest
29%
2008 Fresno State
28%
1992 Pepperdine
22%
1989 Wichita State
19%
1952 Holy Cross
16%
No matching quizzes found
Score Distribution
Percent of People with Each Score
Percentile by Number Answered
Your Score History
You have not taken this quiz since the last reset